[Event "EYCC 2024 - O16"]
[Site "?"]
[Date "2024.08.23"]
[Round "2.10"]
[White "Navoyan, Gagik"]
[Black "Prazak, Daniel"]
[Result "1-0"]
[BlackElo "2261"]
[WhiteElo "2125"]
[LiveChessVersion "1.4.8"]

1. e4 {[%clk 1:24:46]} c5 {[%clk 1:30:45]} 2. Nf3 {[%clk 1:24:19]} d6
{[%clk 1:30:52]} 3. Nc3 {[%clk 1:23:14]} Nc6 {[%clk 1:29:47]} 4. d4
{[%clk 1:23:27]} cxd4 {[%clk 1:30:04]} 5. Nxd4 {[%clk 1:23:54]} Nf6
{[%clk 1:30:13]} 6. Be2 {[%clk 1:20:30]} g6 {[%clk 1:29:16]} 7. Be3
{[%clk 1:19:40]} Bg7 {[%clk 1:29:24]} 8. f3 {[%clk 1:18:32]} O-O {[%clk 1:29:21]}
9. Qd2 {[%clk 1:18:06]} d5 {[%clk 1:29:30]} 10. Nxc6 {[%clk 1:13:05]} bxc6
{[%clk 1:27:41]} 11. O-O-O {[%clk 1:09:30]} Be6 {[%clk 1:15:42]} 12. e5
{[%clk 1:08:04]} Nd7 {[%clk 1:15:57]} 13. f4 {[%clk 1:08:32]} f6 {[%clk 1:14:40]}
14. exf6 {[%clk 1:06:15]} Nxf6 {[%clk 1:12:27]} 15. Bd4 {[%clk 1:04:58]} Qa5
{[%clk 1:04:59]} 16. Bf3 {[%clk 1:02:03]} Rab8 {[%clk 0:52:47]} 17. Qe1
{[%clk 0:57:11]} Bf7 {[%clk 0:43:16]} 18. Qxe7 {[%clk 0:46:48]} Rfe8
{[%clk 0:40:32]} 19. Qd6 {[%clk 0:40:52]} Qb4 {[%clk 0:31:06]} 20. Qxb4
{[%clk 0:41:14]} Rxb4 {[%clk 0:31:30]} 21. a3 {[%clk 0:41:26]} Rc4
{[%clk 0:29:26]} 22. g3 {[%clk 0:28:17]} Nh5 {[%clk 0:27:01]} 23. Bxg7
{[%clk 0:25:55]} Nxg7 {[%clk 0:27:24]} 24. Rhe1 {[%clk 0:26:18]} Rxe1
{[%clk 0:24:46]} 25. Rxe1 {[%clk 0:26:47]} Kf8 {[%clk 0:22:26]} 26. Be2
{[%clk 0:26:44]} Rc5 {[%clk 0:21:59]} 27. Bd3 {[%clk 0:24:58]} Ne8
{[%clk 0:19:02]} 28. Kd2 {[%clk 0:23:56]} Ra5 {[%clk 0:18:38]} 29. Re5
{[%clk 0:23:27]} Nf6 {[%clk 0:18:21]} 30. Re1 {[%clk 0:10:16]} c5
{[%clk 0:13:48]} 31. b4 {[%clk 0:09:10]} Rxa3 {[%clk 0:13:11]} 32. Nb5
{[%clk 0:07:42]} Ra6 {[%clk 0:13:24]} 33. bxc5 {[%clk 0:07:25]} Rc6
{[%clk 0:13:43]} 34. Ra1 {[%clk 0:07:12]} Rxc5 {[%clk 0:13:50]} 35. Rxa7
{[%clk 0:07:02]} Rc6 {[%clk 0:14:12]} 36. Nd4 {[%clk 0:07:15]} Rd6
{[%clk 0:13:41]} 37. Nf3 {[%clk 0:07:15]} Rd7 {[%clk 0:13:24]} 38. Ra8+
{[%clk 0:07:34]} Kg7 {[%clk 0:12:54]} 39. Ne5 {[%clk 0:08:02]} Rb7
{[%clk 0:11:52]} 40. Ke3 {[%clk 0:08:02]} Be6 {[%clk 0:09:01]} 41. Kd4
{[%clk 0:08:04]} Rc7 {[%clk 0:08:25]} 42. Ra6 {[%clk 0:07:18]} Bh3
{[%clk 0:07:45]} 43. Nf3 {[%clk 0:05:48]} Bg4 {[%clk 0:05:24]} 44. Ne5
{[%clk 0:05:20]} Bh3 {[%clk 0:05:49]} 45. c3 {[%clk 0:04:49]} Bc8
{[%clk 0:05:01]} 46. Rc6 {[%clk 0:04:29]} Rxc6 {[%clk 0:05:25]} 47. Nxc6
{[%clk 0:04:58]} Kf7 {[%clk 0:04:29]} 48. Ke5 {[%clk 0:05:13]} Bh3
{[%clk 0:03:53]} 49. Kd6 {[%clk 0:04:35]} Bg2 {[%clk 0:03:26]} 50. Ne5+
{[%clk 0:02:04]} Kg7 {[%clk 0:03:22]} 51. Bc2 {[%clk 0:01:48]} Ne8+
{[%clk 0:02:55]} 52. Ke7 {[%clk 0:02:02]} Nf6 {[%clk 0:01:55]} 53. Kd6
{[%clk 0:00:59]} Ne8+ {[%clk 0:02:16]} 54. Kc5 {[%clk 0:01:17]} Nf6
{[%clk 0:02:05]} 55. Kd4 {[%clk 0:01:35]} Kf8 {[%clk 0:01:46]} 56. g4
{[%clk 0:01:30]} Kg8 {[%clk 0:00:50]} 57. h4 {[%clk 0:01:32]} Kg7
{[%clk 0:01:03]} 58. Bd3 {[%clk 0:01:11]} Bh1 {[%clk 0:00:58]} 59. Be2 Be4
{[%clk 0:00:54]} 60. g5 {[%clk 0:01:05]} Ne8 {[%clk 0:01:05]} 61. Bf3
{[%clk 0:00:42]} Nd6 {[%clk 0:00:48]} 62. Bxe4 {[%clk 0:01:03]} Nxe4
{[%clk 0:01:09]} 63. c4 {[%clk 0:01:22]} Kf8 {[%clk 0:01:13]} 64. Kxd5
{[%clk 0:01:39]} Ng3 {[%clk 0:01:30]} 65. Kd6 {[%clk 0:01:23]} Ke8
{[%clk 0:01:42]} 66. c5 {[%clk 0:01:28]} Kd8 {[%clk 0:01:41]} 67. Ke6
{[%clk 0:01:44]} Ne2 {[%clk 0:01:34]} 68. Nd3 {[%clk 0:01:11]} Nd4+
{[%clk 0:01:04]} 69. Kf6 {[%clk 0:01:34]} Nf3 {[%clk 0:01:26]} 70. Kg7
{[%clk 0:01:31]} Nxh4 {[%clk 0:01:51]} 71. Kxh7 {[%clk 0:01:57]} Kd7
{[%clk 0:01:52]} 72. Ne5+ {[%clk 0:02:22]} 1-0

[Event "EYCC 2024 - O16"]
[Site "?"]
[Date "2024.08.23"]
[Round "2.11"]
[White "Mattenberger, Matthias"]
[Black "Hartofylakas, Spyros"]
[Result "0-1"]
[BlackElo "2117"]
[WhiteElo "2257"]
[LiveChessVersion "1.4.8"]

1. d4 {[%clk 1:30:48]} Nf6 {[%clk 1:30:48]} 2. c4 {[%clk 1:31:13]} e6
{[%clk 1:31:11]} 3. Nc3 {[%clk 1:31:35]} Bb4 {[%clk 1:31:27]} 4. e3
{[%clk 1:31:58]} b6 {[%clk 1:31:52]} 5. Nge2 {[%clk 1:32:14]} Ne4
{[%clk 1:31:36]} 6. Qc2 {[%clk 1:32:17]} Bb7 {[%clk 1:31:46]} 7. a3
{[%clk 1:32:42]} Bxc3+ {[%clk 1:31:57]} 8. Nxc3 {[%clk 1:33:06]} Nxc3
{[%clk 1:32:20]} 9. Qxc3 {[%clk 1:33:30]} d6 {[%clk 1:32:13]} 10. b4
{[%clk 1:31:36]} a5 {[%clk 1:30:17]} 11. Bb2 {[%clk 1:29:50]} axb4
{[%clk 1:23:51]} 12. axb4 {[%clk 1:30:00]} Rxa1+ {[%clk 1:24:16]} 13. Bxa1
{[%clk 1:30:21]} Qg5 {[%clk 1:23:12]} 14. h4 {[%clk 1:14:29]} Qg6
{[%clk 1:18:21]} 15. f3 {[%clk 1:12:02]} O-O {[%clk 1:08:59]} 16. Kf2
{[%clk 1:09:18]} Nd7 {[%clk 1:04:11]} 17. h5 {[%clk 0:47:40]} Qb1
{[%clk 1:00:46]} 18. Rg1 {[%clk 0:37:29]} Ra8 {[%clk 0:55:23]} 19. Be2
{[%clk 0:37:37]} Qf5 {[%clk 0:55:42]} 20. h6 {[%clk 0:29:10]} Nf6
{[%clk 0:52:35]} 21. Qc1 {[%clk 0:22:09]} Ng4+ {[%clk 0:43:00]} 22. Kg3
{[%clk 0:20:34]} Nxh6 {[%clk 0:42:59]} 23. e4 {[%clk 0:19:29]} Qg6+
{[%clk 0:42:06]} 24. Kf2 {[%clk 0:19:45]} f5 {[%clk 0:40:01]} 25. e5
{[%clk 0:18:29]} Rf8 {[%clk 0:35:07]} 26. exd6 {[%clk 0:15:13]} cxd6
{[%clk 0:27:36]} 27. Re1 {[%clk 0:12:52]} f4 {[%clk 0:26:27]} 28. c5
{[%clk 0:12:52]} Qg3+ {[%clk 0:25:40]} 29. Kg1 {[%clk 0:13:08]} Ng4
{[%clk 0:25:36]} 30. Bc4 {[%clk 0:12:55]} Bxf3 {[%clk 0:24:34]} 31. Bxe6+
{[%clk 0:13:10]} Kh8 0-1

[Event "EYCC 2024 - O16"]
[Site "?"]
[Date "2024.08.23"]
[Round "2.12"]
[White "Papaioannou, Dimitrios"]
[Black "Zielonka, Adam"]
[Result "0-1"]
[BlackElo "2253"]
[WhiteElo "2071"]
[LiveChessVersion "1.4.8"]

1. e4 {[%clk 1:28:05]} c5 {[%clk 1:30:50]} 2. Nf3 {[%clk 1:28:30]} e6
{[%clk 1:31:13]} 3. d4 {[%clk 1:28:55]} cxd4 {[%clk 1:31:39]} 4. Nxd4
{[%clk 1:29:19]} Nc6 {[%clk 1:32:04]} 5. Nc3 {[%clk 1:29:40]} a6 {[%clk 1:32:24]}
6. Nxc6 {[%clk 1:30:00]} bxc6 {[%clk 1:32:46]} 7. Qf3 {[%clk 1:30:23]} d5
{[%clk 1:32:27]} 8. Qg3 {[%clk 1:30:47]} h5 {[%clk 1:32:38]} 9. h4
{[%clk 1:31:13]} d4 {[%clk 1:33:00]} 10. Nb1 {[%clk 1:31:37]} Nf6
{[%clk 1:33:02]} 11. e5 {[%clk 1:31:51]} Ne4 {[%clk 1:33:28]} 12. Qf3
{[%clk 1:29:39]} Qd5 {[%clk 1:33:42]} 13. Bd3 {[%clk 1:29:55]} Bb4+
{[%clk 1:34:01]} 14. Kf1 {[%clk 1:30:13]} Nc5 {[%clk 1:34:25]} 15. Qg3
{[%clk 1:30:36]} Bb7 {[%clk 1:32:05]} 16. Nd2 {[%clk 1:24:54]} Bxd2
{[%clk 1:30:33]} 17. Bxd2 {[%clk 1:24:12]} O-O-O {[%clk 1:29:49]} 18. Bg5
{[%clk 0:50:48]} Rdg8 {[%clk 1:18:28]} 19. Be7 {[%clk 0:35:30]} Nd7
{[%clk 1:05:16]} 20. Bd6 {[%clk 0:26:33]} f6 {[%clk 0:44:23]} 21. f4
{[%clk 0:26:36]} c5 {[%clk 0:34:29]} 22. b3 {[%clk 0:22:36]} g5 {[%clk 0:25:36]}
23. hxg5 {[%clk 0:17:10]} fxe5 {[%clk 0:23:25]} 24. fxe5 {[%clk 0:17:13]} h4
{[%clk 0:23:21]} 25. Rxh4 {[%clk 0:15:39]} Rxh4 {[%clk 0:21:29]} 26. Qxh4
{[%clk 0:16:04]} Qxg2+ {[%clk 0:21:56]} 27. Ke1 {[%clk 0:16:27]} Qg1+
{[%clk 0:18:06]} 28. Bf1 {[%clk 0:16:25]} Qe3+ {[%clk 0:18:09]} 29. Be2
{[%clk 0:16:49]} Bf3 {[%clk 0:16:07]} 0-1

[Event "EYCC 2024 - O16"]
[Site "?"]
[Date "2024.08.23"]
[Round "2.13"]
[White "Gut, Lionel"]
[Black "Ostrovsky Berman, Noam"]
[Result "0-1"]
[BlackElo "2098"]
[WhiteElo "2252"]
[LiveChessVersion "1.4.8"]

1. d4 {[%clk 1:30:53]} Nf6 {[%clk 1:30:52]} 2. c4 {[%clk 1:31:17]} g6
{[%clk 1:31:18]} 3. Nc3 {[%clk 1:31:41]} Bg7 {[%clk 1:31:28]} 4. e4
{[%clk 1:32:06]} d6 {[%clk 1:31:55]} 5. Be2 {[%clk 1:32:31]} O-O {[%clk 1:32:19]}
6. Be3 {[%clk 1:32:57]} a5 {[%clk 1:32:03]} 7. g4 {[%clk 1:20:06]} c5
{[%clk 1:32:27]} 8. d5 {[%clk 1:15:31]} e6 {[%clk 1:32:50]} 9. g5
{[%clk 1:10:49]} Ne8 {[%clk 1:33:15]} 10. Qd2 {[%clk 1:05:33]} a4
{[%clk 1:33:34]} 11. a3 {[%clk 1:04:46]} exd5 {[%clk 1:29:39]} 12. exd5
{[%clk 1:04:56]} Nc7 {[%clk 1:17:54]} 13. h4 {[%clk 0:53:54]} b5 {[%clk 1:05:45]}
14. Nxb5 {[%clk 0:50:45]} Nxb5 {[%clk 1:04:59]} 15. cxb5 {[%clk 0:51:13]} Bd7
{[%clk 1:00:08]} 16. Rb1 {[%clk 0:30:03]} Qe8 {[%clk 0:58:10]} 17. Rc1
{[%clk 0:13:00]} Bxb5 {[%clk 0:57:34]} 18. Rh3 {[%clk 0:06:36]} Bxe2
{[%clk 0:51:27]} 19. Nxe2 {[%clk 0:06:59]} Nd7 {[%clk 0:47:32]} 20. f4
{[%clk 0:06:39]} Rb8 {[%clk 0:47:00]} 21. Nc3 {[%clk 0:01:44]} Nb6
{[%clk 0:46:36]} 22. Qd3 {[%clk 0:01:36]} Qd7 {[%clk 0:41:27]} 23. Rg3
{[%clk 0:01:56]} Nc8 {[%clk 0:39:44]} 24. Qc2 {[%clk 0:00:40]} Ne7
{[%clk 0:39:43]} 25. Rd1 {[%clk 0:00:33]} Nf5 {[%clk 0:40:01]} 26. Rh3
{[%clk 0:00:34]} Rfe8 {[%clk 0:39:05]} 27. Kf2 {[%clk 0:00:45]} Nd4
{[%clk 0:39:11]} 28. Bxd4 {[%clk 0:00:34]} Qxh3 {[%clk 0:39:32]} 0-1

[Event "EYCC 2024 - O16"]
[Site "?"]
[Date "2024.08.23"]
[Round "2.14"]
[White "Davudov, Tunar"]
[Black "Zelba, Lukas"]
[Result "1-0"]
[BlackElo "1932"]
[WhiteElo "2238"]
[LiveChessVersion "1.4.8"]

1. e4 {[%clk 1:30:58]} e6 {[%clk 1:30:49]} 2. d4 {[%clk 1:31:10]} d5
{[%clk 1:31:11]} 3. Nd2 {[%clk 1:31:32]} h6 {[%clk 1:31:30]} 4. Ngf3
{[%clk 1:31:39]} c5 {[%clk 1:31:22]} 5. exd5 {[%clk 1:29:52]} exd5
{[%clk 1:30:48]} 6. Bb5+ {[%clk 1:29:48]} Nc6 {[%clk 1:22:09]} 7. O-O
{[%clk 1:29:41]} Nf6 {[%clk 1:20:45]} 8. Re1+ {[%clk 1:27:00]} Be6
{[%clk 1:21:04]} 9. dxc5 {[%clk 1:21:33]} Bxc5 {[%clk 1:20:49]} 10. Nb3
{[%clk 1:21:48]} Bb6 {[%clk 1:02:00]} 11. Nbd4 {[%clk 1:13:30]} O-O
{[%clk 1:02:19]} 12. Bxc6 {[%clk 1:11:32]} bxc6 {[%clk 1:02:27]} 13. Nxc6
{[%clk 1:11:24]} Qc7 {[%clk 0:38:50]} 14. Nce5 {[%clk 1:03:36]} Ne4
{[%clk 0:28:25]} 15. Be3 {[%clk 1:02:15]} Rab8 {[%clk 0:24:49]} 16. Nd3
{[%clk 0:59:44]} Bxe3 {[%clk 0:19:14]} 17. Rxe3 {[%clk 0:59:59]} f5
{[%clk 0:17:45]} 18. Nd4 {[%clk 0:50:05]} Bc8 {[%clk 0:16:43]} 19. c3
{[%clk 0:49:14]} a5 {[%clk 0:14:23]} 20. f3 {[%clk 0:45:36]} Nc5 {[%clk 0:14:13]}
21. Nxc5 {[%clk 0:45:32]} Qxc5 {[%clk 0:14:37]} 22. Qd2 {[%clk 0:45:47]} Qb6
{[%clk 0:14:27]} 23. b3 {[%clk 0:44:56]} g5 {[%clk 0:09:53]} 24. Rae1
{[%clk 0:44:53]} Bd7 {[%clk 0:10:04]} 25. Re7 {[%clk 0:42:31]} Rf7
{[%clk 0:10:02]} 26. f4 {[%clk 0:37:33]} g4 {[%clk 0:08:20]} 27. Rxf7
{[%clk 0:37:09]} Kxf7 {[%clk 0:08:43]} 28. Re5 {[%clk 0:37:27]} 1-0